[Event "Chigorin Memorial 30th"]
[Site "St Petersburg"]
[Date "2023.10.23"]
[Round "3"]
[White "Lezina, Anna"]
[Black "Kanter, Elizaveta"]
[Result "0-1"]
[WhiteElo "1813"]
[BlackElo "1473"]
[PlyCount "62"]
[EventDate "2023.10.21"]
[EventType "swiss"]
[EventRounds "9"]
[EventCountry "RUS"]
[SourceTitle "Mega2024 Update 01"]
[Source "Chessbase"]
[SourceDate "2023.11.12"]
[SourceVersion "1"]
[SourceVersionDate "2023.11.12"]
[SourceQuality "1"]

1. e4 c5 2. Nf3 d6 3. Bc4 Nf6 4. e5 dxe5 5. Nxe5 e6 6. Qe2 Bd6 7. b3 a6 8. a4 Bd7 9. Bb2 Nc6 10. Nxc6 Bxc6 11. 0-0 Qc7 12. h3 0-0-0 13. Na3 Kb8 14. Bd3 Nd5 15. Be4 f5 16. Bxd5 exd5 17. d4 Rhe8 18. Qd2 g5 19. dxc5 Bh2+ 20. Kh1 d4 21. Rae1 g4 22. hxg4 Bf4 23. Qd3 Be4 24. Qh3 fxg4 25. Qh5 Re5 26. Qxg4 Rdd5 27. f3 Rh5+ 28. Kg1 Rdg5 29. Qe6 Be3+ 30. Rxe3 Rxg2+ 31. Kxg2 Qh2# 0-1

[Event "St Petersburg Korchnoi Memorial op"]
[Site "St Petersburg"]
[Date "2023.08.18"]
[Round "1"]
[White "Lezina, Anna"]
[Black "Kozlov, Denis1111"]
[Result "1-0"]
[WhiteElo "1659"]
[BlackElo "2211"]
[PlyCount "111"]
[EventDate "2023.08.18"]
[EventType "swiss"]
[EventRounds "9"]
[EventCountry "RUS"]
[SourceTitle "EXT 2024"]
[Source "ChessBase"]
[SourceDate "2023.10.10"]
[SourceVersion "1"]
[SourceVersionDate "2023.10.10"]
[SourceQuality "1"]

1. e4 c6 2. d4 d5 3. exd5 cxd5 4. c4 Nf6 5. Nc3 g6 6. cxd5 Bg7 7. Bb5+ Nbd7 8. d6 e6 9. Nf3 a6 10. Ba4 0-0 11. Bf4 b5 12. Bb3 Bb7 13. 0-0 Nh5 14. Be3 Qb8 15. d5 e5 16. Ne4 Nhf6 17. Nc5 Nxc5 18. Bxc5 Ne4 19. Ba3 a5 20. Qe2 b4 21. Bxb4 Ba6 22. Qxe4 Bxf1 23. Ba3 a4 24. Bxa4 Bd3 25. Qxd3 Rxa4 26. Qc2 Ra5 27. Rd1 Rc8 28. Qd2 Qb5 29. h3 f6 30. Nh2 f5 31. Nf3 h6 32. Bb4 Ra4 33. a3 e4 34. Nh4 Kh7 35. Qf4 Qd7 36. g4 Re8 37. Rc1 Ra7 38. Bc3 fxg4 39. hxg4 Rf8 40. Qxe4 Qxd6 41. Bb4 Rf4 42. Bxd6 Rxe4 43. f3 Re2 44. b3 Rd7 45. Rc6 Rd2 46. Bb4 Bd4+ 47. Kf1 Rf2+ 48. Ke1 Rxd5 49. Rc7+ Kg8 50. Nxg6 Rg5 51. Ne7+ Kh8 52. Nf5 Bb6 53. Rb7 Rxf5 54. gxf5 Be3 55. f6 Rxf3 56. f7 1-0

[Event "Chigorin Memorial 27th"]
[Site "St Petersburg"]
[Date "2019.10.09"]
[Round "5"]
[White "Savitskiy, Sergey"]
[Black "Lezina, Anna"]
[Result "1-0"]
[WhiteElo "2407"]
[BlackElo "1542"]
[PlyCount "51"]
[EventDate "2019.10.05"]
[EventType "swiss"]
[EventRounds "9"]
[EventCountry "RUS"]
[SourceTitle "EXT 2020"]
[Source "ChessBase"]
[SourceDate "2019.10.17"]
[SourceVersion "1"]
[SourceVersionDate "2019.10.17"]
[SourceQuality "1"]

1. e4 Nf6 2. e5 Nd5 3. d4 d6 4. Nf3 dxe5 5. Nxe5 c6 6. Qf3 Nf6 7. Bc4 e6 8. c3 Nbd7 9. 0-0 g6 10. Bg5 Bg7 11. Qh3 0-0 12. Re1 c5 13. Nxd7 Bxd7 14. dxc5 Qc8 15. Qh4 Qxc5 16. Nd2 Nd5 17. Bxd5 Qxd5 18. Ne4 Bc6 19. Rad1 Qf5 20. Nf6+ Bxf6 21. Bxf6 h5 22. Re5 Qc2 23. Rde1 Qd3 24. h3 Rac8 25. Rg5 Qd2 26. Qxh5 1-0

[Event "Kaliningrad Amateur U20"]
[Site "Kaliningrad"]
[Date "2019.06.19"]
[Round "9.5"]
[White "Lezina, Anna"]
[Black "Arkhipov, Petr"]
[Result "1-0"]
[WhiteElo "1576"]
[BlackElo "1114"]
[PlyCount "43"]
[EventDate "2019.06.13"]
[EventType "swiss"]
[EventRounds "9"]
[EventCountry "RUS"]
[SourceTitle "EXT 2022"]
[Source "ChessBase"]
[SourceDate "2021.10.06"]
[SourceVersion "1"]
[SourceVersionDate "2021.10.06"]
[SourceQuality "1"]

1. e4 e5 2. Nf3 Nc6 3. d4 exd4 4. Nxd4 Qh4 5. Nc3 Bb4 6. Be2 Qxe4 7. Ndb5 Bxc3+ 8. bxc3 Kd8 9. 0-0 a6 10. Na3 Nge7 11. Re1 Qd5 12. Bd2 d6 13. Nc4 Qf5 14. Bd3 Qf6 15. Ne3 Ne5 16. Be4 c6 17. c4 Ke8 18. Bb4 c5 19. Bc3 Rb8 20. f4 Nf3+ 21. Bxf3 Qxc3 22. Qxd6 1-0

[Event "Kaliningrad Amateur U20"]
[Site "Kaliningrad"]
[Date "2019.06.15"]
[Round "4.4"]
[White "Arutyunov, Stepan1111"]
[Black "Lezina, Anna"]
[Result "0-1"]
[WhiteElo "1303"]
[BlackElo "1576"]
[PlyCount "98"]
[EventDate "2019.06.13"]
[EventType "swiss"]
[EventRounds "9"]
[EventCountry "RUS"]
[SourceTitle "EXT 2022"]
[Source "ChessBase"]
[SourceDate "2021.10.06"]
[SourceVersion "1"]
[SourceVersionDate "2021.10.06"]
[SourceQuality "1"]

1. e4 Nf6 2. e5 Nd5 3. d4 d6 4. Nf3 dxe5 5. dxe5 Bg4 6. Be2 Nc6 7. h3 Bh5 8. a3 e6 9. Bb5 Qd7 10. 0-0 Be7 11. b3 0-0 12. c4 Nb6 13. Qxd7 Nxd7 14. Bxc6 bxc6 15. Nbd2 a5 16. Re1 Bxf3 17. Nxf3 Nc5 18. Nd4 Nd3 19. Rd1 Nxe5 20. f4 Ng6 21. Nxc6 Bd6 22. g3 Ra6 23. Nd4 Bc5 24. Bb2 Rd6 25. Rd3 Rfd8 26. Rad1 e5 27. fxe5 Nxe5 28. Re3 Nc6 29. Rde1 h6 30. Re8+ Rxe8 31. Rxe8+ Kh7 32. b4 axb4 33. axb4 Nxb4 34. Rc8 Bxd4+ 35. Bxd4 Rxd4 36. Rxc7 Kg6 37. Kf2 f5 38. Ke3 Rd3+ 39. Kf2 Rc3 40. Kg2 Kf6 41. h4 Nd3 42. Rc6+ Kf7 43. Rc7+ Kg6 44. Rc6+ Kh7 45. Rc8 Nb2 46. c5 Na4 47. c6 Nb6 48. Rc7 Nd5 49. Rc8 Ne7 0-1